000 01070nam a2200277 i 4500
001 83521
003 ES-MaACL
005 20250909175448.0
007 t|
008 041117s1987 sp f |||| |bspa d
020 _a84-7090-174-5
100 0 _aIrving, Washington,
_d1783-1859
_965506
245 1 0 _aVida del almirante don Cristobal Colón /
_cWashington Irving ; presentación y apéndices por José M. Gómez Tabanera ; prólogo por Demetrio Ramos ; traducciones de J. García de Villalta y N. Fernández Cuesta.
260 _aMadrid :
_bColegio Universitario de Ediciones Istmo,
_c[1987]
300 _aLXXXVII, 815 p., 16 lám. ;
_c21 cm.
490 1 _aMundus novus ;
_v1
500 _aÍndice.
504 _aBibliografía.
700 0 _aGómez-Tabanera, José Manuel,
_d1926-2011
_958165
700 1 _aRamos, Demetrio.
_995248
700 1 _aGarcía de Villalta, José.
_9127224
700 1 _aFernández Cuesta, Nemesio,
_d1818-1893
_949614
830 0 _aMundus novus ;
_v1
_9177495
852 _aES-MaACL
_jG-6885
999 _c83521
_d83521